El mosaico urbano: hacia una teoría de la diferenciación residencial

Shranjeno v:
Bibliografske podrobnosti
Glavni avtor: Timms, Duncan (Author)
Format: Knjiga
Jezik:španščina
Izdano: Madrid Instituto de Estudios de Administración Local 1976
Serija:Nuevo Urbanismo, 21
Teme:
Oznake: Označite
Brez oznak, prvi označite!

MARC

LEADER 00000nam a2200000 a 4500
001 UCU2037
003 CL-VaPUC
008 960419e19760000SP |||||||||||||||||spa|d
082 0 4 |a 711.4  |b TIM  |2 21 
100 0 |a Timms, Duncan  |e author  |9 357869 
245 1 3 |a El mosaico urbano: hacia una teoría de la diferenciación residencial 
300 |a 458 p 
942 |c BK 
945 |d 19960419 00:00:00  |a lriquelm 
260 |a Madrid  |b Instituto de Estudios de Administración Local  |c 1976 
650 0 |a Zonas urbanas  |9 337776 
650 0 |a Ciudades  |9 265474 
650 0 |a Vivienda  |9 258662 
650 0 |a Problemas sociales  |9 258537 
650 0 |a Sociología   |9 255410 
650 0 |a Geografía urbana  |9 267904 
583 |a last modification  |c 19960419 00:00:00  |k Rodrigo Vera 
490 0 |a Nuevo Urbanismo, 21 
999 |c 246439  |d 246437 
952 |0 0  |1 0  |4 0  |6 711_400000000000000_TIM_1976  |7 0  |8 A  |9 261412  |a BIBING  |b BIBING  |d 2019-11-19  |i 2017253  |o 711.4 TIM 1976  |p 2017253  |r 2025-01-20  |w 2019-11-19  |y BK  |k GEO